00802nam a2200253 a 4500001001300000003000900013005001700022008004100039020002300080082001600103100001900119245004000138260004200178300000900220500003500229505003600264650004000300650002300340700001900363902000800382942000700390952013400397999001700531nice12345678IN_TiNIC20260116014954.0050524s1997 graa grp 000 0 eng  a0801075 c10000a221.95bCUR aCurrid, John D aAncient Egypt and the Old Testament aGrand RapidsbBaker Book House c1997 a269p aincludes index and biblioraphy2 aBibliography, References, Index aBible O.T. Criticism & Interpretati aEgypt in the Bible1 aCurrid, John D bSRS cBK 001040708StackRoom-aHMIbHMId2007-06-18g100.00l1m1o221.95 CURp11000853r2016-09-07s2016-07-29v100.00w2005-05-24yBK c17783d17783